| 000 | 00478nam a2200169Ia 4500 | ||
|---|---|---|---|
| 003 | OSt | ||
| 005 | 20260316142423.0 | ||
| 008 | 211028s2015 xx 000 0 und d | ||
| 040 | _cAIMIT LIBRARY | ||
| 041 | _aeng | ||
| 100 |
_aRao, S Rashmi;Kulshekar, Vanitha. _g121766 _94563 |
||
| 110 |
_aVincent Mascarenhas _94564 |
||
| 245 | _aCenter for health and development / | ||
| 260 |
_aMangalore _c2015 |
||
| 710 |
_aESA Software and Automation Pvt Ltd _94565 |
||
| 942 |
_2ddc _cPRO |
||
| 999 |
_c217612 _d217612 |
||